Normal view
MARC view
- الأدلة الإرشادية للسفر-المناطق السياحية-السياحة
Entry Topical Term
001 - CONTROL NUMBER
- control field: 51140
003 - CONTROL NUMBER IDENTIFIER
- control field: JO-AjAnu
005 - DATE AND TIME OF LATEST TRANSACTION
- control field: 20230606082420.0
008 - FIXED-LENGTH DATA ELEMENTS
- fixed length control field: 230606|| aca||aabn | a|a d
040 ## - CATALOGING SOURCE
- Original cataloging agency: JO-AjAnu
- Transcribing agency: JO-AjAnu
150 ## - HEADING--TOPICAL TERM
- Topical term or geographic name entry element: الأدلة الإرشادية للسفر-المناطق السياحية-السياحة
670 ## - SOURCE DATA FOUND
- Source citation: Work cat.: (JO-AjAnu)26138: العلوان، حمزة وآخرون، م.مشارك درداكة، حمزة، م.مشارك ابو رحمة، مروان، م.مشارك كافي، مصطفى, author 51139, مبادىء الارشاد السياحي